Introduction to microcomputer and programming / (Record no. 840)

000 -LEADER
fixed length control field 00530nam a22001937a 4500
003 - CONTROL NUMBER IDENTIFIER
control field OSt
005 - DATE AND TIME OF LATEST TRANSACTION
control field 20140116120839.0
008 - FIXED-LENGTH DATA ELEMENTS--GENERAL INFORMATION
fixed length control field 111214t xxu||||| |||| 00| 0 eng d
020 ## - INTERNATIONAL STANDARD BOOK NUMBER
International Standard Book Number 9966994807
050 ## - LIBRARY OF CONGRESS CALL NUMBER
Classification number QA76.O58 1999
100 ## - MAIN ENTRY--PERSONAL NAME
Personal name Onunga, John.
245 ## - TITLE STATEMENT
Title Introduction to microcomputer and programming /
Statement of responsibility, etc John Onunga .
250 ## - EDITION STATEMENT
Edition statement 2nd ed.
260 ## - PUBLICATION, DISTRIBUTION, ETC. (IMPRINT)
Place of publication, distribution, etc Nairobi :
Name of publisher, distributor, etc Information Systems Academy ltd.,
Date of publication, distribution, etc 1999 .
300 ## - PHYSICAL DESCRIPTION
Extent vii, 318 p.
500 ## - GENERAL NOTE
General note Includes index.
650 ## - SUBJECT ADDED ENTRY--TOPICAL TERM
Topical term or geographic name as entry element programming
942 ## - ADDED ENTRY ELEMENTS (KOHA)
Source of classification or shelving scheme
Koha item type Book
Holdings
Withdrawn status Lost status Source of classification or shelving scheme Damaged status Not for loan Home library Current library Date acquired Total Checkouts Full call number Barcode Date last seen Date checked out Copy number Price effective from Koha item type Total Renewals Checked out
          Riara University Library Riara University Library 14/12/2011 6 QA76.O58 1999 3155/11 13/10/2017 28/09/2017 C.1 14/12/2011 Book    
          Riara University Library Riara University Library 14/12/2011 2 QA76.O58 1999 3156/11 30/06/2023 22/06/2023 C.2 14/12/2011 Book    
          Riara University Library Riara University Library 14/12/2011 4 QA76.O58 1999 3157/11 09/06/2023 25/05/2023 C.3 14/12/2011 Book    
          Riara University Library Riara University Library 14/12/2011 6 QA76.O58 1999 3158/11 12/03/2024 12/03/2024 C.4 14/12/2011 Book 1 28/03/2024
          Riara University Library Riara University Library 14/12/2011 6 QA76.O58 1999 3159/11 07/04/2017 07/04/2017 C.5 14/12/2011 Book    
          Riara University Library Riara University Library 14/12/2011 4 QA76.O58 1999 3160/11 16/04/2015 07/04/2015 C.6 14/12/2011 Book    

Riara University Library,
P.O. Box 49940-00100,
Nairobi, Kenya.